Sale note of Thos. Barwick (Record no. 116592)

MARC details
000 -LEADER
fixed length control field 00703ctm a22002175a 4500
001 - CONTROL NUMBER
control field L141104
008 - FIXED-LENGTH DATA ELEMENTS--GENERAL INFORMATION
fixed length control field 071029s1835 xxk eng u
035 ## - SYSTEM CONTROL NUMBER
System control number (Sirsi) u141104
041 0# - LANGUAGE CODE
Language code of text/sound track or separate title eng
100 1# - MAIN ENTRY--PERSONAL NAME
Personal name Suart, James
245 00 - TITLE STATEMENT
Title Sale note of Thos. Barwick
Remainder of title 18th May 1835
Medium [manuscript]
260 ## - PUBLICATION, DISTRIBUTION, ETC.
Date of publication, distribution, etc. 1835
300 ## - PHYSICAL DESCRIPTION
Extent 1 v.
Dimensions 33 cm.
340 ## - PHYSICAL MEDIUM
Material base and configuration Ink on paper
351 ## - ORGANIZATION AND ARRANGEMENT OF MATERIALS
Hierarchical level Single item
500 ## - GENERAL NOTE
General note Title from cover.
500 ## - GENERAL NOTE
General note Notebook contains details of lots, the purchasers' names and amounts paid. Sale took place at Ambleside in the Lake District.
651 4# - SUBJECT ADDED ENTRY--GEOGRAPHIC NAME
Geographic name Cumbria
690 ## - LOCAL SUBJECT ADDED ENTRY--TOPICAL TERM (OCLC, RLIN)
Topical term or geographic name as entry element PROPERTY-PROPERTY ACQUISITION AND DISPOSAL-ACQUISITION AND DISPOSAL AT AUCTION
942 ## - ADDED ENTRY ELEMENTS (KOHA)
Suppress in OPAC 0
Holdings
Withdrawn status Lost status Source of classification or shelving scheme Damaged status Not for loan Home library Current library Shelving location Date acquired Total Checkouts Full call number Barcode Date last seen Copy number Price effective from Koha item type
    Dewey Decimal Classification     London London Basement 29/10/2007   BASEMENT BOX 4 141104-1001 06/08/2019 1 06/08/2019 Archive